Países que no empiezan por la misma letra en español y en inglés - Estadísticas

Estadísticas generales
  • Esta prueba ha sido intentada 44 veces
    35 desde el último reinicio
  • La puntuación promedio es 14 de 26
Estadísticas de respuestas
1º letra en español País 1º letra en inglés % Correcto
E España S
90%
E Estados Unidos U
90%
A Alemania G
83%
R Reino Unido U
76%
R R. D. Congo D
66%
C Catar Q
62%
R República Checa C
62%
Y Yibuti D
62%
E Emiratos Árabes Unidos U
59%
E Eslovenia S
59%
R República Dominicana D
59%
A Arabia Saudita S
55%
E Eslovaquia S
55%
P Países Bajos N
55%
C Ciudad del Vaticano V
48%
C Corea del Sur S
48%
G Guinea Ecuatorial E
48%
R República Centroafricana C
48%
C Corea del Norte N
45%
F Filipinas P
45%
I Islas Marshall M
41%
I Islas Salomón S
41%
M Macedonia del Norte N
38%
T Timor Oriental E
38%
E Estados Federados de Micronesia F
34%
C Costa de Marfil I/C
31%
No se encontraron pruebas coincidentes
Distribución de puntuación
Porcentaje de gente con cada puntuación
Porcentaje por número respondido
Historial de tus puntuaciones
No has intentado esta prueba desde el último reinicio